Responses for Show #1085 - Friday, April 28, 1989

Bruce Cox game 1.

Contestants

[<< previous game]

Tom Callan, an optometrist from Walnut Creek, California

Bruce Cox, an analyst from Lakeside, California

Phyllis Massengale, an accountant from San Antonio, Texas (whose 1-day cash winnings total $5,900)

[next game >>]

Jeopardy! Round responses

GOVERNMENT
JEWELRY
SPORTS
SINGERS' REAL NAMES
FICTIONAL CHARACTERS
5-LETTER WORDS
    $100 25
the vice president

Phyllis
    $100 16
Liberace

Phyllis
    $100 3
(Bruce: What is jogging?)

skiing

PhyllisBruce
    $100 11
Dean Martin

Phyllis
    $100 1
Charlie Chan

Phyllis
    $100 20
abbey

Bruce
    $200 26
under God

Bruce
    $200 17
black

Phyllis
    $200 5
bowling

Phyllis
    $200 12
Bob Dylan

Bruce
    $200 2
Ali Baba

Bruce
    $200 21
crude

Tom
    $300 27
(Bruce: Who were women?)

residents of Washington, D.C.

PhyllisBruce
    $300 18
Tiffany

Phyllis
    $300 8
Vince Lombardi

Bruce
    $1,300 13
Loretta Lynn & Crystal Gayle

Bruce
    $300 4
Simon Legree

Bruce
    $300 22
power

Bruce
    $400 29
(Bruce: What is the Senate?)
...
(Alex: The trial takes place in the Senate.)

House of Representatives

PhyllisBruce
    $400 19
Hercules

Bruce
    $400 9
South Korean

Bruce
    $400 14
Huey Lewis

Bruce
    $400 6
Dashiell Hammett

Phyllis
    $400 23
marry

Triple Stumper
    $500 30
(Tom: What is the United States Geological Society?)

United States Geological Survey

BruceTom
    $500 28
Baroque

Phyllis
    $500 10
Wade Boggs

Bruce
    $500 15
Eydie Gorme & Steve Lawrence

Phyllis
    $500 7
Tess (of the d' Urbervilles)

Bruce
    $500 24
kitty

Bruce

Scores at the first commercial break (after clue 15):

Phyllis Bruce Tom
$1,400 $4,000 $0

Scores at the end of the Jeopardy! Round:

Phyllis Bruce Tom
$3,300 $5,300 -$300

Double Jeopardy! Round responses

MYTHS & LEGENDS
LANDMARKS
THE QUEEN'S ENGLISH
U.S. HISTORY
CELEBRITY MARRIAGES
GEOGRAPHIC CAPES
    $200 12
Old King Cole

Bruce
    $200 14
the Koran

Bruce
    $200 21
dessert

Bruce
    $200 1
the midnight ride of Paul Revere

Bruce
    $200 6
(Tom: Who was Grace Kelly?)

Ginger Rogers

BruceTom
    $200 20
Cape Cod

Bruce
    $400 13
(Phyllis: What are elves?)

Brownies

Phyllis
Triple Stumper
    $400 15
Tupelo, MIssissippi

Phyllis
    $400 22
roller coaster

Bruce
    $400 2
the Louisiana Purchase

Phyllis
    $400 7
Mia Farrow

Bruce
    $400 9
Cape Canaveral

Phyllis
    $600 16
Mars

Bruce
    $600 17
(Tom: What is to store grain?)

television broadcasting tower

Tom
Triple Stumper
    $600 23
(Alex: Someone gives you something, you say ta.)

thanks

Triple Stumper
    $600 3
surrender of General Lee to U.S. Grant

Triple Stumper
    $600 8
Barbara Stanwyck

Tom
    $600 24
New Jersey

Triple Stumper
    $800 27
sleeping

Triple Stumper
    $800 18
(Phyllis: What is Glamis Castle?)

Windsor Castle

PhyllisBruce
    $800 29
[The end-of-round signal sounds.]

Pearly King

Bruce
    $800 4
(Phyllis: What is Texas?)

Florida

Phyllis
Triple Stumper
    $3,300 10
Bob Hope

Phyllis
    $800 25
(Alex: We've got less than a minute to go.)

North Carolina

Tom
    $1000 28
Queen Mab

Triple Stumper
    $1,250 19
(Bruce: What are Roosevelt, Washington, Jefferson and...)

Washington, Jefferson, Teddy Roosevelt & Lincoln

Bruce
    $1000 5
the Hudson

Bruce
    $1000 11
Hal Holbrook

Phyllis
    $1000 26
Point Barrow

Triple Stumper

Scores at the end of the Double Jeopardy! Round:

Phyllis Bruce Tom
$6,800 $9,250 $300

[wagering suggestions for these scores]

Final Jeopardy! Round responses

FILMS OF THE '50s
TomWhat is ------
$100
PhyllisWhat is Some like it Hot?
$6,800
BruceWhat is 'Some Like It Hot'
$4,400
Some Like It Hot

Final scores:

Phyllis Bruce Tom
$13,600 $13,650 $200
2nd place: Zenith Data Systems Supersport portable computer & Olympia desktop EC-2000 calculator New champion: $13,650 3rd place: Berkline Supermotion wall-away sofa

Game dynamics:

Coryat scores:

Phyllis Bruce Tom
$4,300 $9,500 $300
18 R
(including 1 DD),
3 W
27 R
(including 1 DD),
4 W
(including 1 DD)
3 R,
3 W

Combined Coryat: $14,100

[game clues] [game scores] [suggest correction]

Game tape date: 1988-12-20
The J! Archive is created by fans, for fans. Scraping, republication, monetization, and malicious use prohibited; this site may use cookies and collect identifying information. See terms. The Jeopardy! game show and all elements thereof, including but not limited to copyright and trademark thereto, are the property of Jeopardy Productions, Inc. and are protected under law. This website is not affiliated with, sponsored by, or operated by Jeopardy Productions, Inc. Join the discussion at JBoard.tv.